BLACKPINK - Albums par ordre chronologique - Statistiques

Statistiques générales
  • Ce quiz a été pris 56 fois
    20 depuis la dernière actualisation
  • Le résultat moyen est 7 sur 7
Statistiques - réponses
Années Albums % Correct
2016 SQUARE ONE
100%
2018 SQUARE UP
100%
2022 BORN PINK
92%
2026 DEADLINE
92%
2019 KILL THIS LOVE
92%
2016 SQUARE TWO
92%
2020 THE ALBUM
85%
Aucun quiz correspondant
Distribution des résultats
% des personnes avec chaque résultat
Percentile par nombre de réponses
Votre historique - résultats
Vous n’avez pas pris ce quiz depuis la dernière actualisation